000 00719nam a2200193 a 4500
003 0
005 20250317103232.0
008 080924s19uu xx 00 eng d
050 _aPHS HV 2391
_b.B85 2008
100 _aBugna, Veronica S.
245 _aThe Significance between hearing impairment and social relationship /
_cVeronica S. Bugna.
260 _aLas PiƱas City, Philippines :
_bSouthville International School and Colleges,
_c2008.
300 _a35 pages :
_billustrations ;
_c28 cm.
504 _aIncludes bibliographical references.
650 _aHearing impaired persons
_xSocial conditions.
650 _aHearing impaired persons
_xPsychology.
650 _aDeaf
_xSocial conditions.
942 _2lcc
_cPASS
999 _c98103
_d98103